Countries Closest to Chile - Sudden Death - Statistics

General Stats
  • This quiz has been taken 20 times
  • The average score is 11 of 15
Answers on the Grid
Answers color-coded by a green-red scale on the quiz's grid according to % correct below.
Bolivia
Peru
Argentina
Paraguay
Brazil
Uruguay
Colombia
Ecuador
Venezuela
Guyana
Suriname
Panama
Trinidad and Tobago
Costa Rica
Grenada
Saint Vincent and the Grenadines
Barbados
Dominica
Saint Lucia
Antigua and Barbuda
Saint Kitts and Nevis
Cuba
Haiti
Dominican Republic
Nicaragua
Honduras
El Salvador
Belize
New Zealand
United States
 
Answer Stats
Answer % Correct
Bolivia
94%
Brazil
94%
Peru
94%
Argentina
89%
Colombia
89%
Ecuador
89%
Venezuela
89%
Paraguay
83%
Uruguay
83%
Guyana
72%
Panama
72%
Suriname
67%
Costa Rica
56%
Trinidad and Tobago
28%
Grenada
17%
No matching quizzes found
Score Distribution
Percent of People with Each Score
Percentile by Number Answered
Your Score History
You have not taken this quiz